Versos por fusilamiento: el descontento popular ante la pena de muerte en el siglo XIX
Guardat en:
| Autor principal: | |
|---|---|
| Format: | Llibre |
| Idioma: | espanyol |
| Publicat: |
Santiago
Fondo de desarrollo de la Cultura y las Artes
1993
|
| Matèries: | |
| Etiquetes: |
Afegir etiqueta
Sense etiquetes, Sigues el primer a etiquetar aquest registre!
|
MARC
| LEADER | 00000nam a2200000 a 4500 | ||
|---|---|---|---|
| 001 | UCR7355 | ||
| 003 | CL-VaPUC | ||
| 008 | 980514e19930000CL |||||||||||||||||spa|d | ||
| 082 | 0 | 4 | |a 398.2 |b SAL |2 21 |
| 100 | 0 | |a Salinas Campos, Maximiliano |e author |9 408694 | |
| 245 | 1 | 0 | |a Versos por fusilamiento: el descontento popular ante la pena de muerte en el siglo XIX |
| 300 | |a 70 p | ||
| 942 | |c BK | ||
| 945 | |d 19980514 00:00:00 |a mvenant | ||
| 260 | |a Santiago |b Fondo de desarrollo de la Cultura y las Artes |c 1993 | ||
| 650 | 0 | |a Literatura folklórica |9 306605 | |
| 650 | 7 | |a FOLKLORE |2 CL-VaPUC |9 268291 | |
| 650 | 0 | |a Pena de muerte |9 256612 | |
| 650 | 0 | |a Historia de Chile |9 322385 | |
| 650 | 7 | |a POESIA POPULAR |2 CL-VaPUC |9 308047 | |
| 651 | 7 | |a CHILE |2 CL-VaPUC |9 408695 | |
| 583 | |a last modification |c 20160829 11:33:31 |k Rodrigo Vera | ||
| 999 | |c 269056 |d 269054 | ||
| 952 | |0 0 |1 0 |4 0 |6 398_200000000000000_SAL_1993 |7 0 |8 X |9 302656 |a FDOMLP |b FDOMLP |d 2019-11-20 |i 3425894 |o 398.2 SAL 1993 |p 3425894 |r 2019-11-20 |w 2019-11-20 |y BK_X |k BU2 | ||